Loading...
| History - World | 0 | 8 | 1 | 1 | 75 | 32 | 74.50 | 5 | 7 | 0.00 | 0.00 |
| Literature - European | 0 | 8 | 1 | 1 | 75 | 35 | 74.63 | 5 | 7 | 0.00 | 0.00 |
| Literature - World | 0 | 6 | 1 | 0 | 55 | 65 | 104.50 | 4 | 6 | 0.00 | 0.00 |
| Literature - British | 0 | 4 | 0 | 1 | 40 | 43 | 71.50 | 1 | 2 | 0.00 | 0.00 |
| History - European | 0 | 4 | 2 | 0 | 30 | 33 | 62.50 | 2 | 3 | 0.00 | 0.00 |
| Religion | 0 | 3 | 1 | 0 | 25 | 97 | 101.67 | 0 | 2 | 0.00 | 0.00 |
| Social Science | 0 | 2 | 0 | 1 | 20 | 88 | 112.50 | 0 | 2 | 0.00 | 0.00 |
| Science - Physics | 0 | 2 | 0 | 0 | 20 | 67 | 74.50 | 1 | 2 | 0.00 | 0.00 |
| Current Events | 0 | 2 | 0 | 0 | 20 | 77 | 89.50 | 1 | 1 | 0.00 | 0.00 |
| Philosophy | 0 | 3 | 3 | 0 | 15 | 45 | 56.00 | 2 | 3 | 0.00 | 0.00 |
| Literature - American | 0 | 2 | 1 | 0 | 15 | 71 | 78.00 | 2 | 2 | 0.00 | 0.00 |
| History - Other | 0 | 1 | 0 | 0 | 10 | 75 | 75.00 | 1 | 1 | 0.00 | 0.00 |
| Other Academic | 0 | 1 | 0 | 0 | 10 | 97 | 97.00 | 0 | 0 | 0.00 | 0.00 |
| Science - Other | 0 | 1 | 0 | 0 | 10 | 96 | 96.00 | 0 | 0 | 0.00 | 0.00 |
| History - American | 0 | 1 | 0 | 0 | 10 | 126 | 126.00 | 0 | 1 | 0.00 | 0.00 |
| Geography | 0 | 1 | 1 | 0 | 5 | 119 | 119.00 | 0 | 0 | 0.00 | 0.00 |
| Fine Arts - Painting and Sculpture | 0 | 1 | 1 | 0 | 5 | 57 | 57.00 | 1 | 1 | 0.00 | 0.00 |
| Mythology | 0 | 1 | 2 | 0 | 0 | 67 | 67.00 | 1 | 1 | 0.00 | 0.00 |